| 000 | 00928nam a2200253 i 4500 | ||
|---|---|---|---|
| 001 | bg | ||
| 100 | 1 | _aKĘCIŃSKA, Jowita | |
| 245 | 1 | 0 |
_aGeografia życia literackiego na Pomorzu Nadwiślańskim 1772-1920 : _bpolski i kaszubski krąg kulturowy / _cJowita Kęcińska. |
| 260 |
_aGdańsk : _bInstytut Kaszubski ; _aSłupsk : _bPomorska Akademia Pedagogiczna, _c2003. |
||
| 300 |
_a624 s., [2] s. tabl. kolor. luz. złoż. : _bmapy (w tym kolor.) ; _c25 cm. |
||
| 504 | _aBbibliogr. s. 598-623. | ||
| 650 | 9 |
_aLiteratura polska _xhistoria _y18-20 w. |
|
| 650 | 9 |
_aLiteratura kaszubska _xhistoria _y18-20 w. |
|
| 651 | 9 |
_aPomorze _xkultura _y18-20 w. |
|
| 020 | _a8388731432 | ||
| 020 | _a8389079194 (IK) | ||
| 040 | _cBPK | ||
| 041 | 0 | _apol | |
| 080 | _a821.162.1(091)"17/19":94(438).06/.081::008A/Z | ||
| 920 | _a83-88731-43-2 | ||
| 920 | _a83-89079-19-4 (IK) | ||
| 942 | _cKS | ||
| 008 | s pl f |000 0 pol | ||
| 999 |
_c44382 _d44382 |
||
| 856 |
_uhttp://koha.tu.koszalin.pl/cgi-bin/koha/opac-detail.pl?biblionumber=44382 _yKatalog online BPK |
||